Význam a uplatnenie teórie imidža v maloobchodnej praxi

Saved in:
Bibliographic Details
Main Author: Lieskovská, Vanda, 1961-
Format: Book Chapter
Language:Slovak
Tags: Add Tag
No Tags, Be the first to tag this record!

MARC

LEADER 00000naa$a2200000$$$4500
001 0094766
005 20240502072044.2
041 0 |a slo 
044 |a SK 
245 1 0 |a Význam a uplatnenie teórie imidža v maloobchodnej praxi  |c Vanda Lieskovská 
100 1 |a Lieskovská, Vanda, 1961-